ACCOUNTING INFORMATION SYSTEM (Record no. 1803)
[ view plain ]
| 000 -LEADER | |
|---|---|
| fixed length control field | 00373nam a2200145Ia 4500 |
| 008 - FIXED-LENGTH DATA ELEMENTS--GENERAL INFORMATION | |
| fixed length control field | 240624s9999 xx 000 0 und d |
| 041 ## - LANGUAGE CODE | |
| Language code of text/sound track or separate title | eng |
| 082 ## - DEWEY DECIMAL CLASSIFICATION NUMBER | |
| Classification number | 657.0285 ROM |
| 100 ## - MAIN ENTRY--PERSONAL NAME | |
| Personal name | ROMNEY MARSHALL B |
| 245 ## - TITLE STATEMENT | |
| Title | ACCOUNTING INFORMATION SYSTEM |
| 250 ## - EDITION STATEMENT | |
| Edition statement | (9th ed.) |
| 260 ## - PUBLICATION, DISTRIBUTION, ETC. | |
| Date of publication, distribution, etc. | 2004 |
| Place of publication, distribution, etc. | Delhi |
| Name of publisher, distributor, etc. | Pearson Education |
| 300 ## - PHYSICAL DESCRIPTION | |
| Extent | xxviii, : 735 : p. : cm. ; 24 |
| 365 ## - TRADE PRICE | |
| Currency code | RS |
| Withdrawn status | Lost status | Damaged status | Not for loan | Home library | Current library | Shelving location | Date acquired | Source of acquisition | Cost, normal purchase price | Full call number | Barcode | Date last seen | Copy number | Price effective from | Koha item type |
|---|---|---|---|---|---|---|---|---|---|---|---|---|---|---|---|
| IMTN | IMTN | Rack 21-A | 01/18/2005 | JBD | 325.00 | 657.0285 ROM | 1803 | 06/24/2024 | 1 | 06/24/2024 | Books |